000 00775nam a2200253Ia 4500
003 OSt
005 20220930184515.0
006 a|||||r|||| 00| 0
007 ta
008 220926b |||||||| |||| 00| 0 eng d
020 _a9780521676427 (pbk)
_c3199.30
024 _a1134
037 _b8254, 21/01/2009, Elite Publishers Distributors
_cTextbook
040 _aCRL
_cCRL
_beng
041 _2eng
_aeng
082 _aY:45:5, P9
100 _aFrost Brian
_9557093
245 0 _aTerrorism crime and public policy
260 _aCambridge
_bCambridge University Press
_c2009
300 _axxiv,495p.
_ccm.
650 _aSOCIOLOGY
942 _hY:45:5, P9
_cTB
_2CC
999 _c888649
_d888649